Histoire de l'Italie depuis 1943 à nos jours (notice n° 2198488)

détails MARC
000 -LEADER
fixed length control field 01607cam a2200133 4500500
005 - DATE AND TIME OF LATEST TRANSACTION
control field 20260405085544.0
041 ## - LANGUAGE CODE
Language code of text/sound track or separate title fre
042 ## - AUTHENTICATION CODE
Authentication code dc
100 10 - MAIN ENTRY--PERSONAL NAME
Personal name Attal, Frédéric
Relator term author
245 00 - TITLE STATEMENT
Title Histoire de l'Italie depuis 1943 à nos jours
260 ## - PUBLICATION, DISTRIBUTION, ETC.
Name of publisher, distributor, etc. Armand Colin,<br/>
Date of publication, distribution, etc. 2004.<br/>
520 ## - SUMMARY, ETC.
Summary, etc. La République italienne a bientôt soixante ans. Or, malgré les profonds bouleversements politiques entraînés par la crise des années quatre-vingt-dix, aucun changement institutionnel n'est venu modifier en profondeur la Constitution de 1946. Alors que de nombreux essais et études approfondies bénéficient désormais de l'ouverture des archives et offrent au public de remarquables travaux, l'étude de la République italienne mérite d'être renouvelée. Elle ne saurait être abordée au regard de la crise qui l'a récemment frappée. Sa fragilité institutionnelle ne doit pas être exagérée. Les luttes politiques et la situation internationale de l'Italie, maillon important mais fragile du bloc occidental, expliquent le parcours chaotique et contesté de la jeune démocratie. L'alternance s'est révélée impossible du fait de la présence hégémonique de la Démocratie Chrétienne au centre et au gouvernement, et du Parti communiste dans l'opposition. Aux tentatives d'entente entre les deux blocs a répondu une contestation radicale du système qui s'est traduite par une poussée des extrêmes dont le terrorisme fut la conséquence dramatique.
856 41 - ELECTRONIC LOCATION AND ACCESS
Uniform Resource Identifier <a href="https://shs.cairn.info/histoire-de-l-italie-depuis-1943-a-nos-jours--9782200262150?lang=fr&redirect-ssocas=7080">https://shs.cairn.info/histoire-de-l-italie-depuis-1943-a-nos-jours--9782200262150?lang=fr&redirect-ssocas=7080</a>

Pas d'exemplaire disponible.

PLUDOC

PLUDOC est la plateforme unique et centralisée de gestion des bibliothèques physiques et numériques de Guinée administré par le CEDUST. Elle est la plus grande base de données de ressources documentaires pour les Étudiants, Enseignants chercheurs et Chercheurs de Guinée.

Adresse

627 919 101/664 919 101

25 boulevard du commerce
Kaloum, Conakry, Guinée

Réseaux sociaux

Powered by Netsen Group @ 2025